Statistics for Top 10 Detroit Tigers of All-Time

Click here to take the quiz!

General Stats

  • This quiz has been taken 85 times
  • The average score is 7 of 10

Answer Stats

#PlayerPositionTenure% Correct
3Miguel Cabrera1B2008-Present
97%
1Ty CobbOF1905-1926
96%
5Al KalineOF1953-1974
88%
10Alan TrammellSS1977-1996
82%
2Hank Greenberg1B1930, 1933-1941, 1945-1946
74%
6Charlie Gehringer2B1924-1942
55%
8Mickey LolichSP1963-1975
50%
9Lou Whitaker2B1977-1995
47%
7Hal NewhouserSP1939-1953
43%
4Justin VerlanderSP2005-2017
43%

Score Distribution

Percentile by Number Answered

Percent of People with Each Score

Your Score History

You have not taken this quiz